000
00318nam a2200097Ia 4500
008
221009s9999 xx 000 0 und d
082
_a
355
100
_a
Guider
_9
79384
245
0
_a
भारतीय नौसेना मैट्रिक रिक्रूट भर्ती परीक्षा 2020
942
_c
BK
999
_c
65318
_d
65318